000 00716nam a2200229Ia 4500
003 OSt
005 20220923221748.0
006 a|||||r|||| 00| 0
007 ta
008 220922b |||||||| |||| 00| 0 hin d
024 _a199,887
037 _cTextual
040 _aARTS
_cARTS
_bhin
041 _2hin
_ahin
082 _aQ23:222:9, 152J9
100 _aवर्मा, रामपाल
_9156318
245 0 _aअग्निपुराण का काव्य शास्त्रीय भाग
246 _aAgnipurāṇ kā kāvya shāstrīya bhāga
260 _c1086
942 _hQ23:222:9, 152J9
_cTEXL
_2CC
999 _c351589
_d351589